| 000 | 00581nam a2200193Ia 4500 | ||
|---|---|---|---|
| 003 | GCL | ||
| 008 | 140319s9999 xx 000 0 ara d | ||
| 040 |
_aGCL / _cGCL |
||
| 082 | 0 | 4 |
_aد _b050 |
| 100 | 1 | _aعبدالعزيز شرف | |
| 245 | 1 | 0 |
_aالرؤيا الابداعية فى شعر الهمشرى ( اقرا 460 ) / _cعبدالعزيز شرف |
| 300 | _a204 ص | ||
| 490 |
_aوثائق ونصوص _v0 |
||
| 650 | 0 | 4 | _aالشعر العربى |
| 650 | 0 | 4 | _aالشعر |
| 650 | 0 | 4 | _aالهمشرى |
| 650 | 0 | 4 | _aالشعر العربى - العراق |
| 942 |
_2ddc _cCF |
||
| 999 |
_c27260 _d27260 |
||